书目信息 |
| 题名: |
肌肉力量训练解剖图谱
|
|
| 作者: | 韦勒 著 ;应捷 译 | |
| 分册: | ||
| 出版信息: | 北京 中国轻工业出版社 2018 |
|
| 页数: | 142页 | |
| 开本: | 26cm | |
| 丛书名: | ||
| 单 册: | ||
| 中图分类: | G808.14-64 | |
| 科图分类: | ||
| 主题词: | 肌肉--力量训练--图谱 | |
| 电子资源: | ||
| ISBN: | 978-7-5184-1871-8 | |
| 000 | 01418nam0 2200265 450 | |
| 001 | 012001001098 | |
| 005 | 20140920091302.0 | |
| 010 | @a978-7-5184-1871-8@dCNY59.90 | |
| 100 | @a20180714d2018 em y0chiy50 ea | |
| 101 | 1 | @achi@ceng |
| 102 | @aCN@b110000 | |
| 105 | @aak z 000yy | |
| 106 | @ar | |
| 200 | 1 | @a肌肉力量训练解剖图谱@9Ji Rou Li Liang Xun Lian Jie Pou Tu Pu@dAnatomy for strength and fitness training@e新版@f(英)马克·韦勒著@g应捷译@zeng |
| 210 | @a北京@c中国轻工业出版社@d2018 | |
| 215 | @a142页@c彩图@d26cm | |
| 314 | @a马克·韦勒,教授,护理学博士,出生在一个被书籍和六种不同语言环境包围的多文化家庭,从小就对解剖学和生理学有着浓厚的兴趣。韦勒教授从1991年起投身健康和运动科学事业,从事健身教练和生活顾问工作,并发表演讲、教授相关课程。他从各种不同的医学课题角度来讲解专业的健康科学。 | |
| 330 | @a《肌肉力量训练解剖图谱》收录90种针对胸部、腿部、臀部、肩部、背部以及腹部的训练项目,这些训练动作拿来即可用,科学的技巧与原理分析,让你精准健身,避免受伤,也不用做无用功。每个动作都有高清解剖图,展示训练过程中的肌肉拉伸状态、关节的运动情况;同时配有详细的文字说明,如动作说明、训练技巧、起始位置、技术等级以及动作分析表、稳定肌群。 | |
| 510 | 1 | @aAtomy for strength and fitness training@zeng |
| 606 | 0 | @a肌肉@x力量训练@j图谱 |
| 690 | @aG808.14-64@v5 | |
| 701 | 1 | @c(英)@a韦勒@9Wei Le@b马克@4著 |
| 702 | 0 | @a应捷@9Ying Jie@4译 |
| 801 | 0 | @aCN@b上海新华@c20180901 |
| 905 | @b1042945-49@dG808.14@e761@f5 | |
| 肌肉力量训练解剖图谱=Anatomy for strength and fitness training:新版/(英)马克·韦勒著/应捷译.-北京:中国轻工业出版社,2018 |
| 142页:彩图;26cm |
| ISBN 978-7-5184-1871-8:CNY59.90 |
| 《肌肉力量训练解剖图谱》收录90种针对胸部、腿部、臀部、肩部、背部以及腹部的训练项目,这些训练动作拿来即可用,科学的技巧与原理分析,让你精准健身,避免受伤,也不用做无用功。每个动作都有高清解剖图,展示训练过程中的肌肉拉伸状态、关节的运动情况;同时配有详细的文字说明,如动作说明、训练技巧、起始位置、技术等级以及动作分析表、稳定肌群。 |
| ● |
| 相关链接 |
|
|
|
|
正题名:肌肉力量训练解剖图谱
索取号:G808.14/761
 
预约/预借
| 序号 | 登录号 | 条形码 | 馆藏地/架位号 | 状态 | 备注 |
| 1 | 1042945 | 210429455 | 第一样本阅览室/ [索取号:G808.14/761] | 在馆 | |
| 2 | 1042946 | 210429464 | 第四借阅区/ [索取号:G808.14/761] | 在馆 | |
| 3 | 1042947 | 210429473 | 第四借阅区/ [索取号:G808.14/761] | 在馆 | |
| 4 | 1042948 | 210429482 | 第四借阅区/ [索取号:G808.14/761] | 在馆 | |
| 5 | 1042949 | 210429491 | 第四借阅区/ [索取号:G808.14/761] | 在馆 |